| 000 | 00822nam a2200253 a 4500 | ||
|---|---|---|---|
| 001 | 40889 | ||
| 003 | BD-RjUL | ||
| 005 | 20211209053306.0 | ||
| 008 | 160511s1957 nyua 001 0 eng | ||
| 035 | _a(BD-RjUL)41005 | ||
| 040 |
_aDLC _cDLC _dm.c. _dMYG _dBD-RjUL _beng |
||
| 041 | _aeng | ||
| 082 |
_a535 _bJEF 1957 |
||
| 100 | 1 |
_aJenkins, Francis A. _q(Francis Arthur), _d1899-1960. _9125858 |
|
| 245 | 1 | 0 |
_aFundamentals of optics / _cFrancis A. Jenkins , Harvey E. White. |
| 250 | _a3rd ed. | ||
| 260 |
_aNew York : _bMcGraw-Hill, _c1957. |
||
| 300 |
_a637 p. : _bill. ; _c24 cm. |
||
| 500 | _aFirst ed. published in 1937 under title: Fundamentals of physical optics. | ||
| 500 | _aIncludes index | ||
| 650 | 0 |
_a Optics. _9125859 |
|
| 700 | 1 |
_aWhite, Harvey Elliott, _d1902-1988 , jt. auth. _9125860 |
|
| 942 |
_2ddc _cBK |
||
| 999 |
_c40889 _d40889 |
||